000 00454nam a2200169 a 4500
001 0000-8976
003 ELIB.Books
008 110520 1984
035 _a(ELIB.Books)0000-9125
082 _a248.5
_bJon
100 _aJones, Stephen D.
245 _aTransforming Discipleship in the Inclusive Church
260 _bValley Forge; Judson Press
_c1984
650 _aChristian Life
942 _2ddc
_cBK
998 _cbat
_e2011-05-20
999 _c8976
_d8976